Quizzes
Events
Quiz Creation
Community
Videos
Private Events
Remove Ads
Sign In
Join for FREE
Feedback
Dark Mode
Quiz Categories
Sports
Geography
Music
Movies
Television
Just For Fun
Miscellaneous
History
Literature
Language
Science
Gaming
Entertainment
Religion
Holiday
For Kids
Quiz Lab
Recent
Popular Today
Quiz Kudos Today
Editor Picks
Curator Picks
Quizzes by...
Day
Popularity
Type
Ratings
Length
Year
Community
Subscriptions
Recent Discussions
Orange Saloon
Badges
Playlists
Quests
Create
Leaderboards
Showdown
Live 5
Trivia Bingo
Activity
Puzzle Library
Sporcle Events
Private Events
Virtual Trivia
Globe League
Become a Host
Pub Owners
SporcleCon
Opinionation
Our Games
Videos
Blog
Mobile Apps
Partnerships
Remove Ads and Go Orange
Feedback
Television
TV Characters
TV Show
Sitcom
Network
Friends
Reality Shows
Cast
South Park
Star Trek
The Simpsons
Doctor Who
Television
TV Characters
TV Show
Sitcom
Network
Friends
Reality Shows
Cast
South Park
Star Trek
The Simpsons
Doctor Who
Random Quiz
Search Sporcle
×
Quiz Lab
Quiz Lab
Television
Actress
Type in answers that appear in a list
Type in answers that appear in a list
Classic
Best Score? Go Orange.
Bad Girls UK series (pictures) Stats
Can you name the bad girls character?
By
tatty16
6m
30 Questions
672 Plays
672 Plays
672 Plays
Comments
Comments
Give Quiz Kudos
Give Quiz Kudos
-
- Ratings
hide this ad
Replay
Link that replays current quiz
Next Quiz
Link to next quiz in quiz playlist
You Got
0%
They Got
Avg Score
76%
Avg Friend Score
Upgrade to see
Score Distribution
Jump to the score distribution portion of the page
Score
0/30
Timer
06:00
0
Plays Today
Number
Name
% Correct
16.
Julie Johnston
94.2%
10.
Julie Saunders
94.2%
1.
Shell Dockley
93.3%
27.
Jim Fenner
92%
2.
Yvonne Atkins
91.4%
12.
Denny Blood
88.7%
28.
Sylvia 'Bodybag' Hollamby
85.2%
8.
Crystal Gordon
84.6%
21.
Helen Stewart
84.5%
4.
Shaz Wylie
83.8%
30.
Di Baker
83.3%
9.
Nikki Wade
83.2%
20.
Karen Betts
80.3%
7.
Tina Purvis
80%
18.
Al McKenzie
77.2%
Number
Name
% Correct
19.
Neil Grayling
74.4%
5.
Bev Tull
73.9%
14.
Barbara Hunt
73%
17.
Buki Lester
73%
6.
Natalie Buxton
72.9%
23.
Josh Mitchell
71.8%
15.
Maxi Purvis
70.5%
26.
Dominic McAllister
68.1%
11.
Pat Kerrigan
65.4%
13.
Phyl Oswyn
65.4%
3.
Janine Nebeski
63%
25.
Colin Hedges
58.6%
29.
Mark Waddle
54.4%
22.
Gina Rossi
53.9%
24.
Donny Kimber
50.2%
Quiz Playlist
Details
Report
Send in Message
Add To Playlist
Classic:
Type in answers that appear in a list
Last Updated: Feb 16, 2017
Quiz Scoreboard
CHALLENGE
Sign Up to Join the Scoreboard
Show All
Scores
Hide
Comments
May contain spoilers
Recently Published
Presidents Visiting Landmarks
by Hejman
History
7m
An Introduction to Baseball
by treessimontrees
Sports
5m
Movies - When Are They Set?
by FPL_Elf
Movies
5m
More to Explore
Quiz From the Vault
Featured Blog Post
Where Did the Easter Bunny Come From?
hide this ad
You Might Also Like...
Tags
Actor Quiz
Actress Quiz
Character
Image Quiz
prison
Today's Top Quizzes in Television
Browse Television
hide this ad
Today's Top Quizzes in Actress
Browse Actress
Top Contributed Quizzes in Television
1
One Piece Logic Puzzle
2
5-to-1: The Simpsons Families
3
Survivor Logic Puzzle: Heroes vs. Villains
4
5-to-1: Television Doctors
5
7-to-1: TV Show Settings
6
Survivor Seasons
7
5-to-1: Streaming Originals
8
Survivor Season by Logo
9
One Thing in Common: Television
10
TV Shows by First Names
Explore More
Trending Topics
Anime
Crossword
NBA
Harry Potter
Disney
Marvel
Kpop
Pokémon
NFL
Soccer
The Office
Country
Puzzle
WWE
Song
hide this ad
More By:
tatty16
Quiz
Plays
Rating
Category
Featured
Created
Disney Films in order (clickable)
12,162
3.97
Movies
Mar 28, 2012
Disney lyrics (clickable)
10,870
4.38
Movies
Apr 1, 2012
Cartoon couples (clickable)
9,554
3.43
Television
Mar 30, 2012
Disney films mixed up (clickable)
9,245
3.68
Just For Fun
Apr 16, 2012
Disney Characters Behind the Letters
6,787
4.50
Just For Fun
Feb 29, 2012
Go to Creator's Profile
Score Distribution
Quiz Creator Spotlight
tatty16
Follow
Send a Message
Quizzes Created
-
Created Quiz Play Count
-
More By This Creator
Popular Quizzes Today
1
Find the US States - No Outlines Minefield
2
Find the Countries of Europe - No Outlines Minefield
3
The Countries of the World
4
Find the US States
5
Popular People in 1961
6
US States
7
Risky Map Clicking: Biggest States A-Z
8
1-10 Letter E Words III
More Television Quizzes
Teary-Eyed Late Night Hosts
Editor's Pick
Trending Quizzes
Risky Map Clicking: Least Populous States A-Z
1-10 Letter G Words
1-10 Letter F Words
One Thing in Common: United Kingdom
Risky Map Clicking: Next State Alphabetically
Recently Updated
Leaping Animals
pecheneg
Reality TV Shows (A-Z)
bhenderson79
Rickey Henderson's Hall of Fame Teammates
pecheneg
Champions League XIs: Arsenal
pecheneg
Quick Pick: Celebrities in WWE's Hall of Fame
aduchscher
A-Z Keypad Blitz II
pecheneg
Multiple Oscar Actors
pecheneg
Mystery Phrase Blitz: Oscar 'Best Actors'
pecheneg
F. Scott Fitzgerald Novels
LTH
Pick 3 Villains
ddd62291
Trending Topics
Marvel
Disney
NBA
Crossword
Kpop
Anime
Harry Potter
Soccer
The Office
Song
WWE
NFL
Puzzle
Country
Pokémon
Your Account Isn't Verified!
In order to create a playlist on Sporcle, you need to verify the email address you used during registration. Go to your
Sporcle Settings
to finish the process.
Report this User
Report this user for behavior that violates our
Community Guidelines
.
Details:
Send Report
Go to the Sporcle.com Mobile Site →
Comments